| 000 | 00933nam a22002657a 4500 | ||
|---|---|---|---|
| 003 | OSt | ||
| 005 | 20260318110510.0 | ||
| 008 | 260318b |||||||| |||| 00| 0 eng d | ||
| 020 | _a9780241686997 | ||
| 040 | _aKenya National Library Service | ||
| 082 | _a333.91 DAV | ||
| 100 | _aDavis, Fiona | ||
| 245 |
_aWorking with water / _cFiona Davis ; illustrated by Nick Caotes. |
||
| 250 | _aTalking pen edition | ||
| 300 |
_a31 pages : _bcolour illustrations ; _c24 cm |
||
| 490 | _aDo you know? ; level 3 | ||
| 520 | _aHow do you move water? Can we grow food where it does not rain? Find out more about dams, aqueducts and working with water. | ||
| 650 | _aWater—Juvenile literature | ||
| 650 | _aWater use—Juvenile literature | ||
| 650 | _aWater conservation—Juvenile literature | ||
| 700 |
_aCoates, Nick _eeditor |
||
| 942 |
_2ddc _cBK _n0 |
||
| 999 |
_c491566 _d491566 |
||